|
|
|
|
| LEADER |
00000nam0a2200000 4500 |
| 001 |
50960 |
| 005 |
20231101211259.0 |
| 035 |
|
|
|a (RuTPU)RU\TPU\book\53348
|
| 090 |
|
|
|a 50960
|
| 100 |
|
|
|a 20030423d1979 k y0rusy50 ca
|
| 101 |
0 |
|
|a rus
|
| 102 |
|
|
|a RU
|
| 105 |
|
|
|a a z 001zy
|
| 200 |
1 |
|
|a Тиристорные преобразователи для питания индукционных установок
|f В. В. Воскресенский
|
| 210 |
|
|
|a Москва
|c Металлургия
|d 1979
|
| 215 |
|
|
|a 143 с.
|c ил.
|
| 320 |
|
|
|a Библиогр.: с. 136-137.
|
| 606 |
1 |
|
|a Нагревательные установки индукционные
|2 stltpush
|3 (RuTPU)RU\TPU\subj\44755
|9 64035
|
| 610 |
1 |
|
|a электротермия
|
| 610 |
1 |
|
|a тиристорные преобразователи
|
| 610 |
1 |
|
|a электрические печи
|
| 610 |
1 |
|
|a электропитание
|
| 610 |
1 |
|
|a автоматическое регулирование
|
| 675 |
|
|
|a 621.365.5
|v 3
|
| 700 |
|
1 |
|a Воскресенский
|b В. В.
|g Владимир Викторович
|
| 801 |
|
1 |
|a RU
|b 63413507
|c 20030423
|g PSBO
|
| 801 |
|
2 |
|a RU
|b 63413507
|c 20201009
|g PSBO
|
| 942 |
|
|
|c BK
|